المرجع الكامل فى الفرق و الجماعات و المذاهب الاسلامية : (Record no. 16217)
[ view plain ]
| 000 -الفاتح | |
|---|---|
| حقل البيانات ثابتة الطول | 01489nam a22003137a 4500 |
| 005 - وقت وتاريخ اخر تعامل مع التسجيلة | |
| رقم الضبط | 2011111501311.0 |
| 008 - عناصر البيانات ثابتة الطول - معلومات عامة | |
| حقل البيانات ثابتة الطول | 111115s2005ua||||| |||| 001 0 ara d |
| 082 ## - رقم تصنيف ديوى العشرى | |
| رقم الطبعة | 22 |
| رقم التصنيف | 245 |
| رقم المادة | ا ب و |
| 100 ## - المدخل الرئيسى - إسم شخصى | |
| 9 (RLIN) | 27762 |
| الإسم الشخصى | ابو السعود، صلاح. |
| 245 ## - بيان العنوان | |
| العنوان | المرجع الكامل فى الفرق و الجماعات و المذاهب الاسلامية : |
| بقية العنوان | منذ سقيفة بنى ساعدة الى اليوم / |
| بيان المسئوليه,etc | صلاح ابو السعود. |
| 250 ## - بيان الطبعة | |
| بيان الطبعة | ط. 1. |
| 260 ## - PUBLICATION, DISTRIBUTION, ETC. (IMPRINT) | |
| مكان الناشر او الموزع | الجيزة : |
| اسم الناشر او الموزع | مكتبة النافذة، |
| تاريخ النشر أو التوزيع | 2005. |
| 300 ## - الوصف المادى | |
| التعداد | 316 ص.؛ |
| أبعاد الوعاء | 24 سم. |
| 500 ## - تبصرة عامة | |
| تبصرة عامة | يشتمل على كشافات. |
| 650 ## - المدخل الاضافى بالموضوع-مصطلح موضوعى | |
| 9 (RLIN) | 13293 |
| مصطلح موضوعي أو اسم جغرافي كعنصر مدخل | الشيعة |
| 650 ## - المدخل الاضافى بالموضوع-مصطلح موضوعى | |
| 9 (RLIN) | 16890 |
| مصطلح موضوعي أو اسم جغرافي كعنصر مدخل | الخوارج |
| 650 ## - المدخل الاضافى بالموضوع-مصطلح موضوعى | |
| 9 (RLIN) | 17369 |
| مصطلح موضوعي أو اسم جغرافي كعنصر مدخل | الصوفية |
| 650 ## - المدخل الاضافى بالموضوع-مصطلح موضوعى | |
| 9 (RLIN) | 27765 |
| مصطلح موضوعي أو اسم جغرافي كعنصر مدخل | الجبرية (فرق اسلامية) |
| 650 ## - المدخل الاضافى بالموضوع-مصطلح موضوعى | |
| 9 (RLIN) | 27763 |
| مصطلح موضوعي أو اسم جغرافي كعنصر مدخل | الفرق الاسلامية |
| التقسيم الفرعي العام | تاريخ |
| 650 ## - المدخل الاضافى بالموضوع-مصطلح موضوعى | |
| 9 (RLIN) | 27765 |
| مصطلح موضوعي أو اسم جغرافي كعنصر مدخل | الجبرية (فرق اسلامية) |
| التقسيم الفرعي العام | تاريخ |
| 650 ## - المدخل الاضافى بالموضوع-مصطلح موضوعى | |
| 9 (RLIN) | 27766 |
| مصطلح موضوعي أو اسم جغرافي كعنصر مدخل | المشبهة (فرق اسلامية) |
| التقسيم الفرعي العام | تاريخ |
| 650 ## - المدخل الاضافى بالموضوع-مصطلح موضوعى | |
| 9 (RLIN) | 16630 |
| مصطلح موضوعي أو اسم جغرافي كعنصر مدخل | الوهابية (دعوة اسلامية) |
| التقسيم الفرعي العام | تاريخ |
| 650 ## - المدخل الاضافى بالموضوع-مصطلح موضوعى | |
| 9 (RLIN) | 15288 |
| مصطلح موضوعي أو اسم جغرافي كعنصر مدخل | البهائية |
| التقسيم الفرعي العام | تاريخ |
| 650 ## - المدخل الاضافى بالموضوع-مصطلح موضوعى | |
| 9 (RLIN) | 27767 |
| مصطلح موضوعي أو اسم جغرافي كعنصر مدخل | البابية (ديانة) |
| التقسيم الفرعي العام | تاريخ |
| 650 ## - المدخل الاضافى بالموضوع-مصطلح موضوعى | |
| 9 (RLIN) | 13708 |
| مصطلح موضوعي أو اسم جغرافي كعنصر مدخل | القاديانية (فرق إسلامية) |
| التقسيم الفرعي العام | تاريخ |
| 653 ## - مصطلح تكشيفى غير مقيد | |
| Resource For college | |
| Arrived date list | November2011 |
| 942 ## - عناصر المدخل الإضافي( كوها) | |
| مصدر التصنيف او مخطط الترفيف | Dewey Decimal Classification |
| Koha [default] item type | Book - Borrowing |
| حالة التراجع | حالة الفقد | مصدر التصنيف او خطة الترفيف | حالة تلف | ليس للاعارة | مجموعات كوها | المكان الدائم | المكان الحالي | موقع الترفيف | تاريخ الاكتساب | Source of acquisition | رقم الاستدعاء | الباركود | Date last seen | مُعار | نوع الوعاء |
|---|---|---|---|---|---|---|---|---|---|---|---|---|---|---|---|
| Dewey Decimal Classification | Alef-Baa | Central Library | Central Library | Lower Floor | 16/11/2011 | 245 ا ب و | 000025644 | 15/07/2025 | 18/11/2015 | Book - Borrowing |